00910 2200301 4500001002100000005001500021035002000036007000300056008004100059020001800100082001000118084001500128084001300143100003000156245010400186250001200290300003800302650003100340650002800371700002200399700003500421264005200456336002100508337003000529338002300559990001300582990001300595INLIS00000000111952120221026020551 a0010-1022000169ta221026 0 ind a9786233129527 a352.8 aD IPEM4214 aIPEM42140 aAries DjaenuriePengarang1 aSistem Pemerintahan Daerah :b1-9 / IPEM4214 / 3 SKS /cAries Djaenuri, Enceng, Brillianing Pratiwi aEdisi 4 a460 halaman :bilustrasi ;c27 cm 4aSistem Pemerintahan Daerah 4aLocal Government System0 aEncengePengarang0 aBrillianing PratiwiePengarang aTangerang Selatan :bUniversitas Terbuka,c2022 2rdacontentaTeks 2rdamediaaTanpa Perantara 2rdacarrieraVolume a22/90256 a22/30242